Представление документа в формате MARC21

Поле Инд. ПП Название Значение
Тип записи a
Библиографический уровень m
001 Контрольный номер RU/IS/BASE/418384522
005 Дата корректировки 20140703210527.7
040 a Служба первич. каталог. НБ ТвГУ
b Код языка каталог. rus
e Правила каталог. PSBO
041 0_ a Код языка текста rus
080 a Индекс УДК 821.161.1.09-1(043.3)
084 a Индекс другой классификации/Индекс ББК Ш33(2=411.2)6-45я031
090 a Полочн. индекс Ш33(2=411.2)
x Авторский знак И 25
100 1_ a Автор Ивлев Дмитрий Данилович
q Полное имя Ивлев Д. Д.
245 10 a Заглавие Русская советская лирика 1917 - начала 1980-х гг. (типология и история)
b Продолж. заглавия автореф. дис. ... д.ф.н. : 10.01.02
c Ответственность Моск. гос. ун-т им. М. В. Ломоносова, Латв. гос. ун-т, Каф. рус. лит.
260 a Место издания Москва
a Место издания Рига
b Издательство Латвийский государственный университет
c Дата издания 1983
300 a Объем 46 с.
500 a Примечание На правах рукоп.
504 a Библиография Библиогр.: с. 46 (8 назв.) и в подстроч. примеч.
653 a Ключевые слова 20 в.
a Ключевые слова Авторефераты
a Ключевые слова Лирика
a Ключевые слова Литература
a Ключевые слова Поэзия
a Ключевые слова Русская литература
a Ключевые слова Русская поэзия
901 t Тип документа m
920 a Оператор Густ
930 a Новая/Ретро авторефераты
952 c Вид литературы А/Р н
954 a Дата поступления на обработку 20130411